[Event "Vienna op"]
[Site "Vienna"]
[Date "2015.08.17"]
[Round "3"]
[White "Ranits, Franz"]
[Black "Beshukov, Sergei"]
[Result "1/2-1/2"]
[WhiteElo "2245"]
[BlackElo "2382"]
[PlyCount "109"]
[EventDate "2015.08.15"]
[EventType "swiss"]
[EventRounds "9"]
[EventCountry "AUT"]
[SourceTitle "EXT 2016"]
[Source "ChessBase"]
[SourceDate "2015.10.08"]
[SourceVersion "1"]
[SourceVersionDate "2015.10.08"]
[SourceQuality "1"]

1. e4 c5 2. c3 Qa5 3. Nf3 g6 4. Be2 Bg7 5. 0-0 d6 6. d4 Nf6 7. Nbd2 0-0 8. Re1 Rd8 9. Bd3 Nh5 10. h3 Nc6 11. Nc4 Qc7 12. d5 Ne5 13. Nfxe5 dxe5 14. Be2 Nf6 15. Bf3 Ne8 16. Bg5 f6 17. Bh4 e6 18. Ne3 Kh8 19. g4 Qf7 20. Qc2 exd5 21. Nxd5 Be6 22. c4 Bxd5 23. cxd5 Rac8 24. Bg2 Bh6 25. Qc3 Bf4 26. Bf1 Nd6 27. a4 Qg7 28. f3 Rf8 29. Bf2 h5 30. Bg2 Qh6 31. Re2 b6 32. b3 hxg4 33. hxg4 Rf7 34. Kf1 Rh7 35. Be3 Bxe3 36. Qxe3 Qxe3 37. Rxe3 c4 38. Rc1 Rhc7 39. Ke1 cxb3 40. Rxc7 Rxc7 41. Rxb3 Rc1+ 42. Kf2 Rc2+ 43. Kg3 Kg7 44. Bf1 g5 45. Bb5 Kf8 46. Rb1 Rc5 47. Rh1 Kg7 48. Bd7 Rc2 49. Rb1 Kf8 50. Bb5 Nb7 51. Rh1 Kg7 52. Rd1 Nd6 53. Rb1 Nf7 54. Rd1 Nd6 55. Rb1 1/2-1/2

[Event "Vienna Husek op"]
[Site "Vienna"]
[Date "2014.07.09"]
[Round "5"]
[White "Ranits, Franz"]
[Black "Froewis, Annika"]
[Result "1/2-1/2"]
[WhiteElo "2258"]
[BlackElo "2027"]
[PlyCount "97"]
[EventDate "2014.07.05"]
[EventType "swiss"]
[EventRounds "9"]
[EventCountry "AUT"]
[SourceTitle "CBM 161 Extra"]
[Source "ChessBase"]
[SourceDate "2014.08.29"]
[SourceVersion "1"]
[SourceVersionDate "2014.08.29"]
[SourceQuality "1"]

1. e4 e5 2. Nf3 Nc6 3. Bc4 Bc5 4. c3 Nf6 5. d3 a6 6. Bb3 Ba7 7. Nbd2 d6 8. Nf1 Ne7 9. Be3 Ng6 10. Ng3 0-0 11. 0-0 Bg4 12. h3 Be6 13. Bc2 h6 14. d4 c6 15. Qd2 Bb8 16. Rad1 Qc8 17. Nf5 Bxf5 18. exf5 e4 19. fxg6 exf3 20. Bxh6 d5 21. Bf4 Ne4 22. Bxe4 dxe4 23. Bxb8 Rxb8 24. Qf4 Qe8 25. Rfe1 f5 26. gxf3 Qxg6+ 27. Kh2 exf3 28. Qxf3 Rbe8 29. Qg3 Qh6 30. Re5 Rxe5 31. dxe5 Qe6 32. f4 Qxa2 33. Qg2 Qe6 34. Rd6 Qc4 35. Qd2 Kh7 36. Kg3 Qf1 37. Kh4 Qg1 38. Qe2 Kg8 39. e6 Rf6 40. e7 Rxd6 41. e8Q+ Kh7 42. Q2h5+ Rh6 43. Qxh6+ gxh6 44. Qf7+ Qg7 45. Qxf5+ Qg6 46. Qd7+ Qg7 47. Qf5+ Qg6 48. Qg4 Qe8 49. f5 1/2-1/2

[Event "AUT-ch"]
[Site "Vienna"]
[Date "2010.07.31"]
[Round "8"]
[White "Ranits, Franz"]
[Black "Poetz, Florian"]
[Result "0-1"]
[WhiteElo "2168"]
[BlackElo "2347"]
[PlyCount "84"]
[EventDate "2010.07.24"]
[EventType "swiss"]
[EventRounds "9"]
[EventCountry "AUT"]
[SourceTitle "CBM 137 Extra"]
[Source "ChessBase"]
[SourceDate "2010.09.01"]
[SourceVersion "1"]
[SourceVersionDate "2010.09.01"]
[SourceQuality "1"]

1. e4 c5 2. c3 d5 3. exd5 Qxd5 4. d4 Nc6 5. Nf3 Bg4 6. Be2 cxd4 7. cxd4 e6 8. Nc3 Bb4 9. h3 Bxf3 10. Bxf3 Qc4 11. Bd2 Qxd4 12. 0-0 Nge7 13. a3 Ba5 14. b4 Rd8 15. Ne4 Bb6 16. Bc3 Qxd1 17. Raxd1 Nf5 18. Nc5 Bxc5 19. bxc5 0-0 20. g4 Nfe7 21. Rd6 Nc8 22. Rdd1 f6 23. Rfe1 Kf7 24. Kg2 N8e7 25. Be4 Nd5 26. Bb2 Rh8 27. Kg3 Nce7 28. Rb1 Rd7 29. f3 h5 30. Bd4 h4+ 31. Kh2 Rhd8 32. Bf2 g5 33. Rb2 Nc6 34. Reb1 Nc3 35. Re1 Nd1 36. Rbe2 Rd2 37. Kg1 Nc3 38. Re3 Nxe4 39. Rxe4 Ne5 40. R4e3 R8d3 41. Kg2 Rxe3 42. Rxe3 Nd3 0-1

[Event "AUT-chT 0910"]
[Site "Austria"]
[Date "2009.11.08"]
[Round "3.4"]
[White "Ranits, Franz"]
[Black "Lehner, Oliver"]
[Result "0-1"]
[WhiteElo "2164"]
[BlackElo "2407"]
[PlyCount "82"]
[EventDate "2009.11.06"]
[EventType "team-tourn"]
[EventRounds "11"]
[EventCountry "AUT"]
[SourceTitle "EXT 2010"]
[Source "ChessBase"]
[SourceDate "2010.11.25"]
[SourceVersion "1"]
[SourceVersionDate "2010.11.25"]
[SourceQuality "1"]
[WhiteTeam "Lackenbach"]
[BlackTeam "Jenbach"]
[WhiteTeamCountry "AUT"]
[BlackTeamCountry "AUT"]

1. e4 c6 2. d4 d5 3. Nc3 dxe4 4. Nxe4 Nd7 5. Nf3 Ngf6 6. Nxf6+ Nxf6 7. Ne5 g6 8. Be2 Bg7 9. 0-0 0-0 10. c3 Be6 11. Bf4 Qb6 12. Nd3 Rad8 13. Qc1 Bc4 14. Be5 c5 15. Re1 cxd4 16. Bxd4 Qc7 17. Qc2 Bxd3 18. Bxd3 Ng4 19. g3 e5 20. Be3 Nxe3 21. Rxe3 f5 22. Bf1 b6 23. Rd3 Rxd3 24. Qxd3 Rd8 25. Qc4+ Qxc4 26. Bxc4+ Kf8 27. Bb3 Bh6 28. Rd1 Rxd1+ 29. Bxd1 Bc1 30. b3 Bb2 31. c4 Ke7 32. h4 Kd6 33. b4 Ba3 34. b5 Bc5 35. h5 e4 36. hxg6 hxg6 37. g4 f4 38. g5 f3 39. Bc2 Ke5 40. a4 Be7 41. Kh2 Kf4 0-1

[Event "AUT-chT 0910"]
[Site "Austria"]
[Date "2009.11.06"]
[Round "1.5"]
[White "Ranits, Franz"]
[Black "Freitag, Manfred"]
[Result "0-1"]
[WhiteElo "2164"]
[BlackElo "2387"]
[PlyCount "74"]
[EventDate "2009.11.06"]
[EventType "team-tourn"]
[EventRounds "11"]
[EventCountry "AUT"]
[SourceTitle "EXT 2010"]
[Source "ChessBase"]
[SourceDate "2010.11.25"]
[SourceVersion "1"]
[SourceVersionDate "2010.11.25"]
[SourceQuality "1"]
[WhiteTeam "Lackenbach"]
[BlackTeam "Holz Dohr"]
[WhiteTeamCountry "AUT"]
[BlackTeamCountry "AUT"]

1. e4 c5 2. c3 Nf6 3. e5 Nd5 4. d4 cxd4 5. cxd4 d6 6. Nf3 Nc6 7. Bc4 Nb6 8. Bb5 dxe5 9. Nxe5 Bd7 10. Nc3 Nxe5 11. dxe5 Bxb5 12. Nxb5 Qxd1+ 13. Kxd1 0-0-0+ 14. Ke2 Rd5 15. a4 a6 16. Be3 axb5 17. Bxb6 Kd7 18. Rhc1 bxa4 19. Rxa4 g5 20. Rc7+ Ke6 21. Rxb7 Bg7 22. Raa7 Re8 23. Be3 g4 24. b4 Bxe5 25. b5 Bd6 26. b6 Rc8 27. Ra2 Rb5 28. Rba7 Rc3 29. R7a5 Rb1 30. Rh5 Rcb3 31. Rc2 f5 32. g3 Bb4 33. Bd2 R1b2 34. b7 Rxc2 35. b8Q Rxd2+ 36. Kf1 Rb1+ 37. Kg2 Rxf2+ 0-1

[Event "AUT-chT2O 0708"]
[Site "Austria"]
[Date "2008.01.27"]
[Round "7.4"]
[White "Ranits, Franz"]
[Black "Todor, Razvan"]
[Result "1-0"]
[WhiteElo "2214"]
[BlackElo "2198"]
[PlyCount "105"]
[EventDate "2007.10.20"]
[EventType "team"]
[EventRounds "11"]
[EventCountry "AUT"]
[SourceTitle "EXT 2009"]
[Source "ChessBase"]
[SourceDate "2008.11.26"]
[SourceVersion "1"]
[SourceVersionDate "2008.11.26"]
[SourceQuality "1"]
[WhiteTeam "Lackenbach"]
[BlackTeam "Wiener Neustadt"]
[WhiteTeamCountry "AUT"]
[BlackTeamCountry "AUT"]

1. e4 e5 2. Nf3 Nf6 3. Bc4 Nxe4 4. Nc3 Nc6 5. 0-0 Be7 6. Nxe4 d5 7. Bb5 dxe4 8. Nxe5 Qd5 9. Nxc6 bxc6 10. Ba4 0-0 11. d4 exd3 12. Qxd3 Qxd3 13. cxd3 Ba6 14. Bxc6 Rad8 15. Be3 Bxd3 16. Rfd1 a6 17. Rac1 Bf5 18. Bf4 Rxd1+ 19. Rxd1 Rd8 20. Rxd8+ Bxd8 21. b4 Bd3 22. a4 Kf8 23. a5 Ke7 24. f3 Ke6 25. Kf2 g5 26. Be3 Kd6 27. Be8 f5 28. Bc5+ Kd5 29. Ke3 Bf1 30. g3 c6 31. f4 Kc4 32. Bxc6 Bxa5 33. bxa5 Kxc5 34. Bd7 gxf4+ 35. Kxf4 Kb4 36. Bxf5 h6 37. h4 Kxa5 38. g4 Kb4 39. g5 hxg5+ 40. Kxg5 Be2 41. Bg4 Bc4 42. h5 a5 43. h6 Bg8 44. Kg6 a4 45. Be6 Bxe6 46. h7 Bb3 47. h8Q Bc2+ 48. Kg5 a3 49. Kf4 Kb3 50. Ke3 a2 51. Kd2 Bb1 52. Qc3+ Ka4 53. Qb2 1-0

[Event "AUT-chT2O 0708"]
[Site "Austria"]
[Date "2007.12.01"]
[Round "4.4"]
[White "Sadilek, Maximilian"]
[Black "Ranits, Franz"]
[Result "1/2-1/2"]
[WhiteElo "2156"]
[BlackElo "2214"]
[PlyCount "69"]
[EventDate "2007.10.20"]
[EventType "team"]
[EventRounds "11"]
[EventCountry "AUT"]
[SourceTitle "CBM 121 Extra"]
[Source "ChessBase"]
[SourceDate "2008.01.10"]
[SourceVersion "1"]
[SourceVersionDate "2008.01.10"]
[SourceQuality "1"]
[WhiteTeam "Stockerau"]
[BlackTeam "Lackenbach"]
[WhiteTeamCountry "AUT"]
[BlackTeamCountry "AUT"]

1. d4 Nf6 2. Nf3 g6 3. c4 Bg7 4. Nc3 d5 5. g3 c6 6. Bg2 0-0 7. cxd5 cxd5 8. 0-0 Nc6 9. Ne5 e6 10. f4 Nd7 11. Be3 f6 12. Nxd7 Bxd7 13. Rc1 Rc8 14. Kh1 Ne7 15. Bg1 Bc6 16. b4 Qd7 17. Qb3 b6 18. Rfe1 Rfe8 19. Rc2 Nf5 20. Rec1 Nd6 21. a4 Ne4 22. b5 Bb7 23. Na2 Rxc2 24. Rxc2 Rc8 25. Nb4 Bf8 26. Be3 Bxb4 27. Rxc8+ Qxc8 28. Bxe4 dxe4 29. Qxb4 Qc2 30. Qe7 Qd1+ 31. Kg2 Qxe2+ 32. Kh3 Qh5+ 33. Kg2 Qf3+ 34. Kh3 Bd5 35. Qxf6 1/2-1/2

[Event "AUT-chT2O 0607"]
[Site "Austria"]
[Date "2006.11.05"]
[Round "5.3"]
[White "Ranits, Franz"]
[Black "Vyskocil, Neklan"]
[Result "0-1"]
[WhiteElo "2242"]
[BlackElo "2374"]
[PlyCount "72"]
[EventDate "2006.10.06"]
[EventType "team-tourn"]
[EventRounds "11"]
[EventCountry "AUT"]
[SourceTitle "EXT 2007"]
[Source "ChessBase"]
[SourceDate "2006.11.23"]
[SourceVersion "1"]
[SourceVersionDate "2006.11.23"]
[SourceQuality "1"]
[WhiteTeam "Lackenbach"]
[BlackTeam "Zwettl"]
[WhiteTeamCountry "AUT"]
[BlackTeamCountry "AUT"]

1. e4 c5 2. c3 Nf6 3. e5 Nd5 4. d4 cxd4 5. cxd4 b6 6. Nf3 e6 7. Nbd2 d6 8. Ne4 dxe5 9. dxe5 Bb4+ 10. Bd2 0-0 11. Bxb4 Nxb4 12. a3 Bb7 13. Qb1 Nd5 14. Neg5 g6 15. h4 Nd7 16. h5 Nxe5 17. Nxh7 Nxf3+ 18. gxf3 Kxh7 19. hxg6+ Kg7 20. Rh7+ Kf6 21. Qe4 Ke7 22. Bh3 Qd6 23. Rd1 Qc6 24. Qh4+ Nf6 25. g7 Rfd8 26. Rh8 Rxd1+ 27. Kxd1 Qxf3+ 28. Kd2 Qd5+ 29. Kc1 Qc6+ 30. Kd2 Qd5+ 31. Kc1 Qe4 32. Qg3 Qe1+ 33. Kc2 Be4+ 34. Kb3 Qd1+ 35. Kb4 a5+ 36. Kb5 Qd5+ 0-1

[Event "AUT-chT2O 0607"]
[Site "Austria"]
[Date "2006.10.07"]
[Round "2.4"]
[White "Ranits, Franz"]
[Black "Brod, Manfred"]
[Result "1-0"]
[WhiteElo "2242"]
[BlackElo "2258"]
[PlyCount "113"]
[EventDate "2006.10.06"]
[EventType "team-tourn"]
[EventRounds "11"]
[EventCountry "AUT"]
[SourceTitle "EXT 2007"]
[Source "ChessBase"]
[SourceDate "2006.11.23"]
[SourceVersion "1"]
[SourceVersionDate "2006.11.23"]
[SourceQuality "1"]
[WhiteTeam "Lackenbach"]
[BlackTeam "Mattersburg"]
[WhiteTeamCountry "AUT"]
[BlackTeamCountry "AUT"]

1. e4 c5 2. c3 d5 3. exd5 Qxd5 4. d4 Nf6 5. Nf3 Bg4 6. Be2 e6 7. h3 Bh5 8. 0-0 Nc6 9. Be3 cxd4 10. cxd4 Be7 11. Nc3 Qd6 12. a3 0-0 13. Qb3 Rfd8 14. Rfd1 Rac8 15. Rac1 Nd5 16. Nxd5 Qxd5 17. Qxd5 Rxd5 18. g4 Bg6 19. Ne5 Be4 20. f3 Bg6 21. Nxc6 Rxc6 22. Rxc6 bxc6 23. Rc1 Rd6 24. Rc4 h6 25. Ra4 Rd7 26. Ra6 Bf6 27. Kf2 Rc7 28. b4 Bc2 29. Bc4 Bd1 30. Bd3 Bb3 31. Ke1 Bd5 32. Be4 Rb7 33. Kd2 Kf8 34. Kc3 Ke8 35. Bf4 Kd7 36. Bxd5 cxd5 37. a4 Bd8 38. Bd6 Rb6 39. Rxb6 axb6 40. Bf8 Bf6 41. Kd3 e5 42. dxe5 Bxe5 43. a5 bxa5 44. bxa5 Kc6 45. Bb4 g6 46. Bc3 f6 47. Bd2 h5 48. f4 Bd6 49. f5 hxg4 50. hxg4 gxf5 51. gxf5 Bc5 52. Be3 Be7 53. a6 Bd8 54. a7 Kb7 55. Bc5 Bc7 56. Kd4 Be5+ 57. Kxd5 1-0

[Event "AUT-chT2O 0506"]
[Site "Austria"]
[Date "2006.02.26"]
[Round "9.2"]
[White "Pachta, Paul"]
[Black "Ranits, Franz"]
[Result "1-0"]
[WhiteElo "2188"]
[BlackElo "2260"]
[PlyCount "60"]
[EventDate "2005.11.19"]
[EventType "team"]
[EventRounds "11"]
[EventCountry "AUT"]
[SourceTitle "EXT 2006"]
[Source "ChessBase"]
[SourceDate "2005.11.24"]
[SourceVersion "1"]
[SourceVersionDate "2005.11.24"]
[SourceQuality "1"]
[WhiteTeam "Waehring"]
[BlackTeam "Lackenbach"]
[WhiteTeamCountry "AUT"]
[BlackTeamCountry "AUT"]

1. d4 Nf6 2. Nf3 g6 3. c4 Bg7 4. g3 d5 5. Bg2 c6 6. b3 0-0 7. 0-0 Ne4 8. Bb2 Bf5 9. Nbd2 Na6 10. Nh4 Nxd2 11. Qxd2 Be6 12. Rac1 Qd7 13. Rfd1 Bh3 14. Bh1 Nc7 15. Nf3 Ne6 16. Ne5 Qd6 17. Qe3 h5 18. b4 Rac8 19. b5 Bf6 20. Ba3 c5 21. Nxg6 fxg6 22. Bxd5 Kg7 23. dxc5 Qe5 24. Qxe5 Bxe5 25. Bxb7 Rc7 26. c6 Nd4 27. Rd2 Rd8 28. Bb4 Ne6 29. Rxd8 Nxd8 30. Ba5 Rxb7 1-0

[Event "AUT-chT2O 0405"]
[Site "Austria"]
[Date "2005.04.10"]
[Round "11.5"]
[White "Ranits, Franz"]
[Black "Travenec, Igor"]
[Result "1-0"]
[WhiteElo "2272"]
[BlackElo "2227"]
[PlyCount "79"]
[EventDate "2004.10.09"]
[EventType "team-tourn"]
[EventRounds "11"]
[EventCountry "AUT"]
[SourceTitle "EXT 2005"]
[Source "ChessBase"]
[SourceDate "2004.11.15"]
[SourceVersion "1"]
[SourceVersionDate "2004.11.15"]
[SourceQuality "1"]
[WhiteTeam "Lackenbach"]
[BlackTeam "Pamhagen SV Raiba"]
[WhiteTeamCountry "AUT"]
[BlackTeamCountry "AUT"]

1. e4 d6 2. d4 Nf6 3. Nc3 g6 4. Be3 Bg7 5. f3 0-0 6. Qd2 c6 7. h4 e5 8. 0-0-0 Qa5 9. h5 Nxh5 10. Bh6 exd4 11. Bxg7 Kxg7 12. Qxd4+ Qe5 13. Qd2 Qf4 14. Qxf4 Nxf4 15. Rxd6 Be6 16. g3 Nh5 17. Nge2 Bc4 18. g4 Nf6 19. g5 Nh5 20. Bh3 Kg8 21. Bg4 Ng7 22. e5 Na6 23. Ne4 Ne8 24. Rd2 h5 25. gxh6 f5 26. exf6 Nxf6 27. N2c3 Nxe4 28. Nxe4 Rad8 29. Rxd8 Rxd8 30. Ng5 Bd5 31. Re1 Nc5 32. Re7 a5 33. Rg7+ Kh8 34. Rxg6 a4 35. a3 b6 36. Rg7 Rd6 37. Rh7+ Kg8 38. Bh5 Rf6 39. Rg7+ Kh8 40. Bf7 1-0

[Event "AUT-chT2O 0405"]
[Site "Austria"]
[Date "2004.11.20"]
[Round "3.5"]
[White "Sadilek, Maximilian"]
[Black "Ranits, Franz"]
[Result "0-1"]
[WhiteElo "2152"]
[BlackElo "2272"]
[PlyCount "64"]
[EventDate "2004.10.09"]
[EventType "team-tourn"]
[EventRounds "11"]
[EventCountry "AUT"]
[SourceTitle "EXT 2005"]
[Source "ChessBase"]
[SourceDate "2004.11.15"]
[SourceVersion "1"]
[SourceVersionDate "2004.11.15"]
[SourceQuality "1"]
[WhiteTeam "Stockerau"]
[BlackTeam "Lackenbach"]
[WhiteTeamCountry "AUT"]
[BlackTeamCountry "AUT"]

1. e4 Nf6 2. Nc3 d5 3. e5 Ne4 4. Nxe4 dxe4 5. d4 exd3 6. Bxd3 Nc6 7. f4 Nb4 8. Be4 Qxd1+ 9. Kxd1 Bg4+ 10. Nf3 0-0-0+ 11. Ke2 f5 12. Bd3 Nxd3 13. cxd3 e6 14. Be3 Rd5 15. Rac1 Be7 16. Rc4 a6 17. Rhc1 c6 18. Bc5 Bxc5 19. Rxc5 Rhd8 20. Rxd5 Rxd5 21. Ke3 Bxf3 22. gxf3 g5 23. fxg5 Rxe5+ 24. Kf4 Re2 25. h4 Kd7 26. Rb1 Ke7 27. h5 Rd2 28. g6 hxg6 29. hxg6 Rg2 30. Rh1 Kf6 31. Rh7 e5+ 32. Ke3 f4+ 0-1

[Event "AUT-chT2O 0405"]
[Site "Austria"]
[Date "2004.10.10"]
[Round "2.4"]
[White "Schumi, Manfred"]
[Black "Ranits, Franz"]
[Result "0-1"]
[WhiteElo "2225"]
[BlackElo "2272"]
[PlyCount "128"]
[EventDate "2004.10.09"]
[EventType "team-tourn"]
[EventRounds "11"]
[EventCountry "AUT"]
[SourceTitle "EXT 2005"]
[Source "ChessBase"]
[SourceDate "2004.11.15"]
[SourceVersion "1"]
[SourceVersionDate "2004.11.15"]
[SourceQuality "1"]
[WhiteTeam "Wien Austria"]
[BlackTeam "Lackenbach"]
[WhiteTeamCountry "AUT"]
[BlackTeamCountry "AUT"]

1. e4 Nf6 2. e5 Nd5 3. d4 d6 4. Nf3 Bg4 5. Be2 c6 6. 0-0 Bxf3 7. Bxf3 dxe5 8. dxe5 e6 9. Nd2 Nd7 10. Re1 Qc7 11. Qe2 Be7 12. g3 0-0 13. Bg2 Rad8 14. Nf3 Qa5 15. Bg5 Nc5 16. a3 Bxg5 17. Nxg5 Qb6 18. Qc4 Rd7 19. b3 Rfd8 20. Rad1 h6 21. Ne4 Nxe4 22. Qxe4 Nc3 23. Rxd7 Nxe4 24. Rxd8+ Qxd8 25. Bxe4 Kf8 26. a4 Qd4 27. Bd3 Qb4 28. Re3 b5 29. Re4 Qc5 30. Kg2 Ke7 31. f4 Kd7 32. Kf1 Kc7 33. Kg2 Kb6 34. Kf1 Qd5 35. Kg2 f5 36. exf6 gxf6 37. Kh3 Kc7 38. Kh4 Kd7 39. Kh3 Qh5+ 40. Kg2 Ke7 41. Re2 Qd5+ 42. Be4 Qc5 43. Bd3 bxa4 44. bxa4 Qa3 45. Re4 f5 46. Re5 Qxa4 47. Bxf5 Qa2 48. Bd3 Kd6 49. Kh3 c5 50. Re4 a5 51. g4 a4 52. f5 exf5 53. gxf5 Qb2 54. Re6+ Kd7 55. Ra6 a3 56. f6 a2 57. Bf5+ Kc7 58. f7 a1Q 59. f8Q Qxa6 60. Qc8+ Kd6 61. Qd7+ Ke5 62. Bg4 Qd4 63. Qc7+ Ke4 64. Qh7+ Ke3 0-1

[Event "AUT-chT2O 0304"]
[Site "Austria"]
[Date "2004.02.01"]
[Round "9.5"]
[White "Ranits, Franz"]
[Black "Holzer, Gerhard"]
[Result "1-0"]
[WhiteElo "2250"]
[BlackElo "2245"]
[PlyCount "55"]
[EventDate "2003.10.25"]
[EventType "team-tourn"]
[EventRounds "11"]
[EventCountry "AUT"]
[SourceTitle "EXT 2005"]
[Source "ChessBase"]
[SourceDate "2004.11.15"]
[SourceVersion "1"]
[SourceVersionDate "2004.11.15"]
[SourceQuality "1"]
[WhiteTeam "Lackenbach"]
[BlackTeam "Donaustadt"]
[WhiteTeamCountry "AUT"]
[BlackTeamCountry "AUT"]

1. e4 c5 2. c3 e6 3. d4 Nf6 4. Nd2 Nc6 5. Ngf3 cxd4 6. cxd4 Bb4 7. Bd3 Qb6 8. 0-0 Bxd2 9. Bxd2 d5 10. e5 Ne4 11. Be3 Qxb2 12. Bxe4 dxe4 13. Ng5 Qb4 14. Qh5 g6 15. Qh6 Qf8 16. Qh3 Bd7 17. Nxe4 0-0-0 18. Bg5 Kb8 19. Bxd8 Qxd8 20. Rab1 Nxd4 21. Nd6 Bc6 22. Rb2 Qa5 23. Nxb7 Bxb7 24. Rfb1 Ka8 25. Rxb7 Rc8 26. Qe3 Qa6 27. Qe4 Ne2+ 28. Kh1 1-0

[Event "AUT-chT2O 0304"]
[Site "Austria"]
[Date "2003.12.07"]
[Round "6.5"]
[White "Travenec, Igor"]
[Black "Ranits, Franz"]
[Result "1/2-1/2"]
[WhiteElo "2234"]
[BlackElo "2250"]
[PlyCount "46"]
[EventDate "2003.10.25"]
[EventType "team-tourn"]
[EventRounds "11"]
[EventCountry "AUT"]
[SourceTitle "EXT 2005"]
[Source "ChessBase"]
[SourceDate "2004.11.15"]
[SourceVersion "1"]
[SourceVersionDate "2004.11.15"]
[SourceQuality "1"]
[WhiteTeam "Pamhagen SV Raiba"]
[BlackTeam "Lackenbach"]
[WhiteTeamCountry "AUT"]
[BlackTeamCountry "AUT"]

1. e4 Nf6 2. e5 Nd5 3. d4 d6 4. Nf3 Bg4 5. exd6 cxd6 6. Be2 e6 7. 0-0 Be7 8. c4 Nf6 9. b3 0-0 10. Bb2 Nc6 11. Nbd2 Rc8 12. Re1 d5 13. Ne5 Bxe2 14. Qxe2 dxc4 15. Nxc6 Rxc6 16. bxc4 Bb4 17. Red1 b5 18. c5 Bxd2 19. Rxd2 a6 20. Rd3 Qd5 21. Rg3 Rd8 22. Re1 g6 23. a3 Qh5 1/2-1/2

[Event "AUT-chT2O 0304"]
[Site "Austria"]
[Date "2003.11.22"]
[Round "3.5"]
[White "Ranits, Franz"]
[Black "Steiner, Johann"]
[Result "1-0"]
[WhiteElo "2250"]
[BlackElo "2071"]
[PlyCount "77"]
[EventDate "2003.10.25"]
[EventType "team-tourn"]
[EventRounds "11"]
[EventCountry "AUT"]
[SourceTitle "EXT 2005"]
[Source "ChessBase"]
[SourceDate "2004.11.15"]
[SourceVersion "1"]
[SourceVersionDate "2004.11.15"]
[SourceQuality "1"]
[WhiteTeam "Lackenbach"]
[BlackTeam "Wien Austria"]
[WhiteTeamCountry "AUT"]
[BlackTeamCountry "AUT"]

1. e4 d5 2. exd5 Qxd5 3. Nc3 Qa5 4. d4 Nf6 5. Nf3 Bf5 6. Be2 e6 7. 0-0 c6 8. Bf4 Nbd7 9. a3 Be7 10. Nd2 Qd8 11. Nc4 Nb6 12. Ne5 0-0 13. Re1 Nbd5 14. Nxd5 Nxd5 15. Bg3 Bh4 16. Bf3 Bxg3 17. hxg3 Qc7 18. Qe2 Rad8 19. Rad1 Nf6 20. Rd2 Rfe8 21. Red1 Nd7 22. c4 Nxe5 23. Qxe5 Qb6 24. d5 cxd5 25. cxd5 Qa5 26. Qf4 b5 27. d6 Qb6 28. Rc1 Bg6 29. d7 Rf8 30. Rd6 Qb8 31. Qd4 e5 32. Qd5 Bf5 33. Rd1 Be6 34. Qc6 h6 35. b4 g6 36. Be2 Kg7 37. Bxb5 Kf6 38. Bc4 Qb6 39. Qf3+ 1-0

[Event "Vienna op 14th"]
[Site "Vienna"]
[Date "2003.08.21"]
[Round "6"]
[White "Ranits, Franz"]
[Black "Petschar, Hans"]
[Result "1-0"]
[WhiteElo "2261"]
[BlackElo "2004"]
[PlyCount "91"]
[EventDate "2003.08.16"]
[EventType "swiss"]
[EventRounds "9"]
[EventCountry "AUT"]
[SourceTitle "CBM 095 Extra"]
[Source "ChessBase"]
[SourceDate "2003.09.04"]
[SourceVersion "1"]
[SourceVersionDate "2003.09.04"]
[SourceQuality "1"]

1. e4 d6 2. d4 Nf6 3. f3 g6 4. Be3 c6 5. c4 Bg7 6. Nc3 0-0 7. Qd2 e5 8. Nge2 Nbd7 9. 0-0-0 a6 10. d5 c5 11. g4 h5 12. gxh5 Nxh5 13. Ng3 Nf4 14. Nce2 b5 15. Nxf4 exf4 16. Bxf4 Ne5 17. Be2 Re8 18. Rdg1 Nxc4 19. Bxc4 bxc4 20. Nh5 c3 21. bxc3 Rb8 22. Nxg7 Kxg7 23. Qc2 Qa5 24. Kd2 Bd7 25. Rb1 Ba4 26. Qc1 Rxb1 27. Qxb1 Qd8 28. Qb2 Qf6 29. Ke3 g5 30. Bg3 g4 31. f4 Bd7 32. Re1 Bf5 33. e5 dxe5 34. fxe5 Qh6+ 35. Kf2 c4 36. Qc1 Qb6+ 37. Qe3 Rb8 38. Qxb6 Rxb6 39. Ke3 Bd3 40. Kd4 Rb2 41. a4 Ra2 42. e6 fxe6 43. Rxe6 Rxa4 44. d6 Bf5 45. d7 Ra2 46. Bd6 1-0

[Event "Vienna op 14th"]
[Site "Vienna"]
[Date "2003.08.20"]
[Round "5"]
[White "Doell, Detlef"]
[Black "Ranits, Franz"]
[Result "0-1"]
[WhiteElo "2136"]
[BlackElo "2261"]
[PlyCount "54"]
[EventDate "2003.08.16"]
[EventType "swiss"]
[EventRounds "9"]
[EventCountry "AUT"]
[SourceTitle "CBM 095 Extra"]
[Source "ChessBase"]
[SourceDate "2003.09.04"]
[SourceVersion "1"]
[SourceVersionDate "2003.09.04"]
[SourceQuality "1"]

1. e4 g6 2. d4 Bg7 3. Nc3 c6 4. Be3 d5 5. e5 h5 6. Qd2 Nh6 7. h4 Nd7 8. e6 fxe6 9. Nf3 e5 10. dxe5 Nf8 11. 0-0-0 Bg4 12. Be2 Bxf3 13. Bxf3 Qa5 14. Bg5 Nf5 15. Qe2 Ne6 16. Rhe1 0-0-0 17. g4 Nfd4 18. Qe3 Nxf3 19. Qxf3 Nxg5 20. hxg5 d4 21. Nb1 Bxe5 22. Qe4 Rd5 23. f4 Bd6 24. gxh5 Rxh5 25. Rh1 Rxh1 26. Rxh1 Rf5 27. Rf1 Qd5 0-1

[Event "Vienna op 14th"]
[Site "Vienna"]
[Date "2003.08.17"]
[Round "2"]
[White "Ranits, Franz"]
[Black "Kortschnoj, Viktor Lvovich"]
[Result "0-1"]
[WhiteElo "2261"]
[BlackElo "2628"]
[PlyCount "100"]
[EventDate "2003.08.16"]
[EventType "swiss"]
[EventRounds "9"]
[EventCountry "AUT"]
[SourceTitle "CBM 095 Extra"]
[Source "ChessBase"]
[SourceDate "2003.09.04"]
[SourceVersion "1"]
[SourceVersionDate "2003.09.04"]
[SourceQuality "1"]

1. e4 c5 2. c3 e6 3. d4 d5 4. exd5 exd5 5. Nf3 Nc6 6. Be3 cxd4 7. Bxd4 Nf6 8. Nbd2 Bd6 9. Bd3 Nxd4 10. Nxd4 0-0 11. 0-0 g6 12. N2f3 a6 13. Qd2 Ne4 14. Qh6 Re8 15. Rfe1 Qf6 16. Qc1 Bg4 17. Qc2 Nc5 18. Bf1 Re4 19. h3 Bd7 20. g3 Rae8 21. Bg2 Bb8 22. Qd2 Ba7 23. Nh2 Rxe1+ 24. Rxe1 Ne4 25. Qe3 h5 26. Nhf3 Ng5 27. Qd2 Rxe1+ 28. Qxe1 Nxh3+ 29. Kh2 Ng5 30. Nxg5 Qxg5 31. f4 Qf6 32. Qd2 h4 33. Bxd5 hxg3+ 34. Kxg3 Bb8 35. Ne2 Qg5+ 36. Kf2 Qh4+ 37. Ke3 Ba7+ 38. Nd4 Qh3+ 39. Kf2 Qh2+ 40. Ke3 Qg3+ 41. Ke4 Bh3 42. Nf3 Kg7 43. Bxb7 Bf5+ 44. Ke5 Bb8+ 45. Kd4 Bxf4 46. Qe2 Bc7 47. c4 g5 48. Bd5 g4 49. Ng5 Qg1+ 50. Kc3 Qc1+ 0-1